El libro de las marcas de excelencia en Chile

Αποθηκεύτηκε σε:
Λεπτομέρειες βιβλιογραφικής εγγραφής
Συγγραφή απο Οργανισμό/Αρχή: Superbrands Chile (Συγγραφέας)
Μορφή: Βιβλίο
Γλώσσα:Ισπανικά
Έκδοση: Santiago Superbrands Chile 2007
Θέματα:
Ετικέτες: Προσθήκη ετικέτας
Δεν υπάρχουν, Καταχωρήστε ετικέτα πρώτοι!

MARC

LEADER 00000cam a2200000 a 4500
001 UCH1178
003 CL-VaPUC
005 20240426193507.0
008 090409e20070000CL |||||||||||||||||spa|d
999 |c 333251  |d 333249 
020 |a 9789568608019 
040 |c Pontificia Universidad Católica de Valparaíso 
082 0 4 |a 929.95  |b SUP  |2 21 
110 2 |a Superbrands Chile  |e author  |9 535548 
245 1 3 |a El libro de las marcas de excelencia en Chile 
260 |a Santiago  |b Superbrands Chile  |c 2007 
300 |a v 
583 |a last modification  |c 20130910 06:51:25  |k Rodrigo Vera 
650 0 |a Marcas comerciales  |9 888654  |y 2007-2008  |z Chile 
650 0 |a Marcas comerciales  |9 888655  |x Historia  |z Chile 
650 0 |a Marcas comerciales  |9 888656  |x Posicionamiento (Publicidad)  |z Chile 
942 |c BK  |2 ddc 
945 |d 20090409 00:00:00  |a dcastane 
952 |0 0  |1 0  |4 0  |6 929_950000000000000_SUP_2007  |7 0  |8 A  |9 421491  |a BIBCUR  |b BIBCUR  |d 2019-11-22  |h v.2  |i 4533798  |o 929.95 SUP 2007  |p 4533798  |r 2025-04-22  |w 2019-11-22  |y BK  |k PER 
952 |0 0  |1 0  |4 0  |6 929_950000000000000_SUP_2007  |7 0  |8 R  |9 421492  |a BIBENE  |b BIBENE  |d 2019-11-22  |h v.2  |i 4767632  |o 929.95 SUP 2007  |p 4767632  |r 2025-01-15  |w 2019-11-22  |y BK_R  |k ICO